
Library Catalogue

| 000 -LEADER | |
|---|---|
| fixed length control field | 02303nam a2200217Ia 4500 |
| 003 - CONTROL NUMBER IDENTIFIER | |
| control field | OSt |
| 005 - DATE AND TIME OF LATEST TRANSACTION | |
| control field | 20220322170000.0 |
| 008 - FIXED-LENGTH DATA ELEMENTS--GENERAL INFORMATION | |
| fixed length control field | 160316s2014 xxu||||| |||| 00| 0 eng d |
| 020 ## - INTERNATIONAL STANDARD BOOK NUMBER | |
| International Standard Book Number | 9789351431299 |
| 040 ## - CATALOGING SOURCE | |
| Transcribing agency | N |
| 082 ## - DEWEY DECIMAL CLASSIFICATION NUMBER | |
| Classification number | 364.000000 |
| Item number | KAT |
| 100 ## - MAIN ENTRY--PERSONAL NAME | |
| Personal name | Kathpalia Girish |
| 245 ## - TITLE STATEMENT | |
| Title | Criminology and prison reforms |
| 260 ## - PUBLICATION, DISTRIBUTION, ETC. | |
| Place of publication, distribution, etc. | New Delhi |
| Name of publisher, distributor, etc. | Lexis Nexis |
| Date of publication, distribution, etc. | 2014 |
| 300 ## - PHYSICAL DESCRIPTION | |
| Extent | 262p |
| 365 ## - TRADE PRICE | |
| Price amount | Rs.350 |
| 505 ## - FORMATTED CONTENTS NOTE | |
| Formatted contents note | Description<br/>"Having officially worked for prisoners from close quarters, I found that owing to hatred against them, there is nobody to hear their cry for help. Not just that, I also found numerous violations of human rights of prisoners by some of the State agencies in total ignorance, if not deliberate disregard of the laudatory judicial pronouncements aimed at upholding the rule of law by protecting the fundamental rights of prisoners. I felt a need to consolidate the necessary material for awareness of those who deal with this ‘discarded section of human beings’. The predominant paradigm here is not the advocacy for rights of the prisoners in abstract, but campaign to uphold their fundamental rights and consequently, ensure the rule of law. Failure to protect fundamental rights of prisoners would be failure to ensure the rule of law. With this concept in mind, I worked on this book across a period of about three years. Further, the idea of crime and criminal has always fascinated the lay person, whose only source of knowledge about crime and criminal is the unscientific fiction or some equally ill researched movies, television sops and news channels. Portrayal of crime and criminal in the mind of a lay person needs to be demystified, so that societal response to crime and criminal could be made more productive in minimization, if not elimination of crime. For this, such a lay person needs to be served with scientific material to help him structure better informed opinion. The book contains materials, which are otherwise not spoken of, like chapters on ancient Hindu criminal law, Muslim criminal jurisprudence, kinds of punishments not in use in India, different forms of prison tribulations, and different modes of inflicting death sentence etc."<br/> |
| 650 ## - SUBJECT ADDED ENTRY--TOPICAL TERM | |
| Topical term or geographic name entry element | 1. Criminology - Prison Reforms - India |
| 700 ## - ADDED ENTRY--PERSONAL NAME | |
| Personal name | |
| -- | |
| 942 ## - ADDED ENTRY ELEMENTS (KOHA) | |
| Source of classification or shelving scheme | Dewey Decimal Classification |
| Koha item type | BOOKs |
| Withdrawn status | Lost status | Damaged status | Not for loan | Home library | Current library | Shelving location | Date acquired | Cost, normal purchase price | Total Checkouts | Full call number | Barcode | Date last seen | Price effective from | Koha item type |
|---|---|---|---|---|---|---|---|---|---|---|---|---|---|---|
| . | . | 30.05.2017 | 350.00 | 364 KAT | 31357 | 30.05.2017 | 30.05.2017 | BOOKs |